000 00522nam a2200181 a 4500
001 000024066
005 20200930022705.0
008 110118s1985 xxu 000 0 eng d
020 _a0256032203
040 _aDO-SdBNP
_beng
_cBNPHU
082 _ann*
_bnn*
100 1 _aReynolds, Lloyd G.
_949446
245 1 0 _aMicro economics :
_banalysis & policy /
_cLloyd G. Reynolds.
260 _aHomewood, Illinois :
_bRichard D. Irwin,
_c1985.
300 _a448 p. :
_bil. ;
_c23 cm.
500 _aIncluye índice.
049 _aBNGR
999 _c23561
_d23561